000 00410nam a2200097Ia 4500
008 180130s9999 xx 000 0 und d
245 _cBeckers, Nathalie; Cools, Martine; Van den Abbeele, Alexandra
_aManagement control in creative firms
260 _c2013
300 _aBook title: Innovation and creativity : pillars of the future global economy--Acession number C17287; pages 242-263
650 _aGLOBAL ECONOMY
999 _c354589
_d354589